000 00381nam a2200097Ia 4500
008 220204s9999 xx 000 0 und d
082 _aNR:336.2
_bTAX
245 0 _aTaxation and replanting in the rubber industry: Statement of the report of the mudie mission and on certain proposals made by the rubber producers council
260 _aKuala Lumpur
_bGovernment Press
_c1955
942 _cBK
999 _c19313
_d19313